Ανάλυση του branding της Mercedes-Benz με στόχο της εφαρμογή στο σχεδιασμό ηλεκτρικού ποδηλάτου : διπλωματική εργασία

Η εργασία χωρίζεται σε δύο βασικά μέρη. Το πρώτο μέρος αφορά στην ανάλυση του branding της Mecedes-Benz, ενώ το δεύτερο παρουσιάζει σχεδιαστική πρόταση σύμφωνη με τα στοιχεία του πρώτου μέρους. Στο πρώτο μέρος της εργασίας γίνεται συλλογή και ανάλυση των στοιείων που αποτελούν τη μάρκα της Mercedes-...

Πλήρης περιγραφή

Αποθηκεύτηκε σε:
Λεπτομέρειες βιβλιογραφικής εγγραφής
Κύριος συγγραφέας: Λαμπρόπουλος, Ιωάννης
Συγγραφή απο Οργανισμό/Αρχή: Πανεπιστήμιο Αιγαίου. Τμήμα Μηχανικών Σχεδίασης Προϊόντων και Συστημάτων
Άλλοι συγγραφείς: Παπαδόπουλος, Δάνος (dgs [Επιβλέπων καθηγητής])
Μορφή: Thesis Βιβλίο
Γλώσσα:Greek
Δημοσίευση: 2014.
Θέματα:
Διαθέσιμο Online:http://hdl.handle.net/11610/9111
Ετικέτες: Προσθήκη ετικέτας
Δεν υπάρχουν, Καταχωρήστε ετικέτα πρώτοι!

MARC

LEADER 00000cam a2200000 i 4500
001 1/45644
008 140409s2014 gr |||||||||||||| ||gre||
035 |l 10117337 
040 |a GR-MyUa  |b gre  |e AACR2 
041 0 |a gre 
082 0 |a 629.2272   |2 (22)  
100 1 |a Λαμπρόπουλος, Ιωάννης. 
245 1 0 |a Ανάλυση του branding της Mercedes-Benz με στόχο της εφαρμογή στο σχεδιασμό ηλεκτρικού ποδηλάτου :   |b διπλωματική εργασία /   |c Λαμπρόπουλος Ιωάννης ; επιβλέπων καθηγητής Παπαδόπουλος Δάνος.  
260 |c 2014.  
300 |a 149 φύλλα :   |b εικ. ;   |c 30 εκ.  
500 |a Διάθεση πλήρους κειμένου περιορισμένης πρόσβασης (μόνο από μέλη του Παν. Αιγαίου).  
502 |a Πτυχιακή εργασία - Πανεπιστήμιο Αιγαίου, Σύρος, 2014.  
504 |a Βιβλιογραφία: σ. 147-148.  
520 |a Η εργασία χωρίζεται σε δύο βασικά μέρη. Το πρώτο μέρος αφορά στην ανάλυση του branding της Mecedes-Benz, ενώ το δεύτερο παρουσιάζει σχεδιαστική πρόταση σύμφωνη με τα στοιχεία του πρώτου μέρους. Στο πρώτο μέρος της εργασίας γίνεται συλλογή και ανάλυση των στοιείων που αποτελούν τη μάρκα της Mercedes-Benz καθώς και του τρόπου με τον οποίο χρησιμοποιούνται στην επικοινωνία της με το κοινό. Λόγω του μεγάλου "μεγέθους" της μάρκας, γίνεται προσεκτικός διαχωρισμός και παρουσίαση των δεδομένων, που είναι χρήσιμα στην παρούσα εργασία. Επίσης, γίνεται ανάλυση των ανταγωνιστών της μάρκας και της αγοράς στον τομέα του ηλεκτρικού ποδηλάτου. Στο τέλος του πρώτου μέρους παρουσιάζεται η στρατηγική πρόταση που στηρίζεται στη μελέτη και αξιολόγηση των δεδομένων, τα οποία συλλέχθηκαν στο πρώτο μέρος της εργασίας. Η στρατηγική πρόταση αποτελεί τη βάση ανάπτυξης σχεδιαστικής πρότασης, η οποία αναλύεται στο δεύτερο μέρος της εργασίας. 
650 0 |a Electric bicycles. 
650 0 |a Brand name products. 
650 0 |a Mercedes automobiles. 
650 0 0 |a Dissertations, Academic  |z Greece. 
700 1 |a Παπαδόπουλος, Δάνος,  |e dgs [Επιβλέπων καθηγητής] 
710 2 |a Πανεπιστήμιο Αιγαίου.   |b Τμήμα Μηχανικών Σχεδίασης Προϊόντων και Συστημάτων. 
852 |a INST  |b SYROS  |c DIATR  |e 20140409  |h 629.2272 ΛΑΜ  |p 005500011344  |q 005500011344  |t DIE  |y 23 
852 |a INST  |b SYROS  |c DIATR  |e 20140409  |h 629.2272 ΛΑΜ  |p 005500011345  |q 005500011345  |t DIE  |y 23 
856 |u http://hdl.handle.net/11610/9111 
901 |a BIBL5-2014-1 
924 |a Λαμπρόπουλος  |b Ιωάννης  |y Σύρος  |z 2014-03 
970 |a Κοντού  |b Παρασκευή  |z 09/04/2014